|
|
|
|
| LEADER |
00000nas a2200000 a 4500 |
| 001 |
ssj0000580202 |
| 003 |
WaSeSS |
| 005 |
20200512172242.0 |
| 006 |
m d |
| 007 |
cr n |
| 008 |
900821c19859999sp uu p s 0 b0spa c |
| 010 |
|
|
|a 91655580
|
| 015 |
|
|
|a 014008572
|2 dnb
|
| 016 |
7 |
|
|a 738133-5
|2 DE-600
|
| 016 |
7 |
|
|a 010473750
|2 Uk
|
| 016 |
7 |
|
|a 014008572
|2 de-101
|
| 016 |
7 |
|
|a 7381335
|2 de-600
|
| 022 |
|
|
|l 0213-3563
|y 0213-3563
|
| 035 |
|
|
|a (WaSeSS)ssj0000580202
|
| 040 |
|
|
|a GZQ
|b eng
|c GZQ
|d DLC
|d NST
|d DLC
|d HUL
|d COO
|d DLC
|d SYS
|d OCLCQ
|d DEBBG
|d GBVCP
|d UKMGB
|d OCLCF
|d OCLCO
|d CUS
|d DLC
|d OCLCO
|d OCLCA
|d CUS
|d OCLCA
|d WaSeSS
|
| 041 |
0 |
|
|a spa
|b eng
|b spa
|
| 042 |
|
|
|a pcc
|
| 043 |
|
|
|a e-sp---
|
| 050 |
0 |
0 |
|a B4561
|b .A93
|
| 082 |
0 |
0 |
|a 196/.1/05
|2 20
|
| 245 |
0 |
0 |
|a Azafea
|h [electronic resource] :
|b estudios de historia de la filosofía hispánica.
|
| 246 |
3 |
0 |
|a Estudios de historia de la filosofía hispánica
|
| 246 |
1 |
|
|i Vols for <2015-> have subtitle:
|a Revista de filosofía
|
| 260 |
|
|
|a Salamanca, España :
|b Universidad de Salamanca, Cátedra de Historia del Pensamiento Filosófico Español,
|c [1985?]-
|
| 362 |
0 |
|
|a 1 (1985)-
|
| 500 |
|
|
|a Published by: Universidad de Salamanca, 1989-
|
| 506 |
|
|
|a License restrictions may limit access.
|
| 546 |
|
|
|a Summaries in Spanish and English.
|
| 588 |
|
|
|a Latest issue consulted: Vol. 17 (2015).
|
| 650 |
|
0 |
|a Philosophy, Spanish
|x History
|v Periodicals.
|
| 650 |
|
0 |
|a Philosophy
|z Spain
|x History
|v Periodicals.
|
| 650 |
|
7 |
|a Philosophie
|2 gnd
|
| 650 |
|
7 |
|a Zeitschrift
|2 gnd
|
| 650 |
|
7 |
|a Philosophy.
|2 fast
|0 (OCoLC)fst01060777
|
| 650 |
|
7 |
|a Philosophy, Spanish.
|2 fast
|0 (OCoLC)fst01061122
|
| 651 |
|
7 |
|a Spanien
|2 gnd
|
| 651 |
|
7 |
|a Spain.
|2 fast
|0 (OCoLC)fst01204303
|
| 655 |
|
0 |
|a Electronic journals.
|
| 710 |
2 |
|
|a Universidad de Salamanca.
|b Cátedra de Historia del Pensamiento Filosófico Español.
|
| 710 |
2 |
|
|a Universidad de Salamanca.
|
| 850 |
|
|
|a DLC
|a MH
|a NIC
|a NNC
|
| 853 |
0 |
0 |
|8 1
|a (*)
|i (year)
|
| 856 |
4 |
0 |
|z Full text available from PRISMA Database with HAPI Index: 01/01/2011 to 01/31/2016
|u https://search.proquest.com/publication/2032650
|
| 863 |
4 |
0 |
|8 1
|a <1>-
|i <1985>-
|x provisional
|